| 000 | 00464nam a2200169Ia 4500 | ||
|---|---|---|---|
| 005 | 20250508160640.0 | ||
| 008 | 008 250505s9999 xx 000 0 eng d | ||
| 037 | _aReference | ||
| 040 |
_aFEDL _beng _cFEDL |
||
| 041 |
_aeng _2eng |
||
| 084 |
_a001.422, GUI _qFEDL |
||
| 100 |
_aGuil Ford _9769019 |
||
| 245 | 0 | _aFundamental statisties in psychology and education | |
| 300 | _a578p. | ||
| 942 |
_cREF _h001.422, GUI |
||
| 999 |
_c1365826 _d1365826 |
||